Human resource management : (Record no. 101858)
[ view plain ]
| 000 -LEADER | |
|---|---|
| fixed length control field | 01152nam a22002897a 4500 |
| 005 - DATE AND TIME OF LATEST TRANSACTION | |
| control field | 20170613115511.0 |
| 010 ## - LCCN (DPL NO) | |
| LC control number | 1617EN ENG-116816 |
| 020 ## - INTERNATIONAL STANDARD BOOK NUMBER | |
| International Standard Book Number | 9788126553785 |
| Terms of availability | 649.00 |
| 035 ## - SYSTEM CONTROL NUMBER | |
| System control number | 1617EN |
| 035 ## - SYSTEM CONTROL NUMBER | |
| System control number | B-650435-444 |
| 035 ## - SYSTEM CONTROL NUMBER | |
| System control number | EN-100348 |
| 035 ## - SYSTEM CONTROL NUMBER | |
| System control number | B-667466 |
| 037 ## - SOURCE OF ACQUISITION | |
| Source of stock number/acquisition | BSB |
| 082 ## - DEWEY DECIMAL CLASSIFICATION NUMBER | |
| Classification number | 658.3 |
| 100 ## - MAIN ENTRY--PERSONAL NAME | |
| Personal name | Decenzo, David A. |
| 245 ## - TITLE STATEMENT | |
| Title | Human resource management : |
| Statement of responsibility, etc | by David A. Decenzo;Stephen P.Robbins [and] Susan L.Verhulst |
| Remainder of title | international student version / |
| 250 ## - EDITION STATEMENT | |
| Edition statement | 11th ed |
| 260 ## - PUBLICATION, DISTRIBUTION, ETC. (IMPRINT) | |
| Date of publication, distribution, etc | 2016 (rp) |
| Place of publication, distribution, etc | New Delhi |
| Name of publisher, distributor, etc | John Wiley |
| 270 ## - ADDRESS | |
| Address | 4435-36/7, Ansari Road,Daryaganj |
| City | New Delhi |
| Postal code | 110002 |
| 300 ## - PHYSICAL DESCRIPTION | |
| Dimensions | 25cm(pbk) : |
| Extent | xviii,424p |
| Other physical details | ill. |
| 500 ## - GENERAL NOTE | |
| General note | Includes index |
| 700 ## - ADDED ENTRY--PERSONAL NAME | |
| Personal name | Robbins, Stephen P. |
| 700 ## - ADDED ENTRY--PERSONAL NAME | |
| Personal name | Verhulst, Susan L. |
| 942 ## - ADDED ENTRY ELEMENTS (KOHA) | |
| Item type | English Books |
| Source of classification or shelving scheme | Dewey Decimal Classification |
| Classification part | 658.3 |
| Call number suffix | DEC |
| Withdrawn status | Lost status | Not for loan | Collection code | Home library | Current library | Date acquired | Source of acquisition | Cost, normal purchase price | Full call number | Barcode | Copy number | Cost, replacement price | Koha item type |
|---|---|---|---|---|---|---|---|---|---|---|---|---|---|
| Non-fiction | Ashok Vihar | Ashok Vihar | 13/06/2017 | BPPD/EN/2016-17/AV/455/15.2.2017/559/3.3.2017/17.3.2017 | 649.00 | 658.3 DEC | B-667466 | 1 | 649.00 | English Books | |||
| Not For Loan | Non-fiction | D.B.Act.Division | Bawana | 14/12/2016 | DBAD/PUB | 649.00 | 658.3 DEC | EN-100348 | 1 | 649.00 | English Books | ||
| Non-fiction | Bawana | Bawana | 02/02/2017 | BPPD/EN/2016-17/289/24.11.2016/337/2.12.2016/4.1.2017 | 649.00 | 658.3 DEC | B-650443 | 1 | 649.00 | English Books | |||
| Non-fiction | Central Library | Central Library | 02/02/2017 | BPPD/EN/2016-17/289/24.11.2016/337/2.12.2016/4.1.2017 | 649.00 | 658.3 DEC | B-650435 | 1 | 649.00 | English Books | |||
| Not For Loan | Reference | Central Library | Central Library | 02/02/2017 | BPPD/EN/2016-17/289/24.11.2016/337/2.12.2016/4.1.2017 | 649.00 | 658.3 DEC | B-650436 | 1 | 649.00 | English Books | ||
| Non-fiction | Janak Puri | Janak Puri | 02/02/2017 | BPPD/EN/2016-17/289/24.11.2016/337/2.12.2016/4.1.2017 | 649.00 | 658.3 DEC | B-650440 | 1 | 649.00 | English Books | |||
| Non-fiction | Kasturba Gandhi Marg | Kasturba Gandhi Marg | 02/02/2017 | BPPD/EN/2016-17/289/24.11.2016/337/2.12.2016/4.1.2017 | 649.00 | 658.3 DEC | B-650439 | 1 | 649.00 | English Books | |||
| Non-fiction | Narela | Narela | 02/02/2017 | BPPD/EN/2016-17/289/24.11.2016/337/2.12.2016/4.1.2017 | 649.00 | 658.3 DEC | B-650442 | 1 | 649.00 | English Books | |||
| Non-fiction | New Police Line | New Police Line | 02/02/2017 | BPPD/EN/2016-17/289/24.11.2016/337/2.12.2016/4.1.2017 | 649.00 | 658.3 DEC | B-650437 | 1 | 649.00 | English Books | |||
| Non-fiction | Patel Nagar | Patel Nagar | 02/02/2017 | BPPD/EN/2016-17/289/24.11.2016/337/2.12.2016/4.1.2017 | 649.00 | 658.3 DEC | B-650438 | 1 | 649.00 | English Books | |||
| Non-fiction | Sarojini Nagar | Sarojini Nagar | 02/02/2017 | BPPD/EN/2016-17/289/24.11.2016/337/2.12.2016/4.1.2017 | 649.00 | 658.3 DEC | B-650441 | 1 | 649.00 | English Books | |||
| Non-fiction | Shahdara Branch | Shahdara Branch | 02/02/2017 | BPPD/EN/2016-17/289/24.11.2016/337/2.12.2016/4.1.2017 | 649.00 | 658.3 DEC | B-650444 | 1 | 649.00 | English Books |
